| Tag |
First Indicator |
Second Indicator |
Subfields |
| LEADER |
00000cam a2200000 i 4500 |
| 001 |
in00004151821 |
| 008 |
181120t20192019onc 000 p eng |
| 005 |
20250318220159.4 |
| 020 |
|
|
|a 9781771262200
|
| 020 |
|
|
|a 1771262206
|q (paperback)
|
| 035 |
|
|
|a (OCoLC)on1066186471
|
| 035 |
|
|
|a (OCoLC)1066186471
|
| 040 |
|
|
|a NLC
|b eng
|e rda
|c YDX
|d OCLCQ
|d NLC
|d TOH
|d OCLCO
|d VP@
|d YDX
|d UAB
|d UtOrBLW
|
| 050 |
|
4 |
|a PR9199.3.M33413
|b A6 2019
|
| 055 |
|
0 |
|a PS8575.L4586
|b H35 2019
|
| 082 |
0 |
|
|a 811/.54
|2 23
|
| 084 |
|
|
|a cci1icc
|2 lacc
|
| 100 |
1 |
|
|a McLennan, Rob,
|e author.
|0 http://id.loc.gov/authorities/names/n96098501
|
| 240 |
1 |
0 |
|a Poems.
|k Selections
|0 http://id.loc.gov/authorities/names/n2018030883
|
| 245 |
1 |
2 |
|a A halt which is empty /
|c Rob McLennan.
|
| 264 |
|
1 |
|a Toronto, Ontario, Canada :
|b Mansfield Press,
|c [2019]
|
| 264 |
|
4 |
|c ©2019
|
| 300 |
|
|
|a 131 pages ;
|c 23 cm
|
| 336 |
|
|
|a text
|b txt
|2 rdacontent
|
| 337 |
|
|
|a unmediated
|b n
|2 rdamedia
|
| 338 |
|
|
|a volume
|b nc
|2 rdacarrier
|
| 500 |
|
|
|a Poems.
|
| 520 |
|
|
|a "What do we know of history, and what, if anything, does it have to do with the present? "A halt, which is empty" is a series of small studies, each focused on an idea, whether Ottawa's greenspace, the early history of Bytown, contemporary Bank Street construction, the War of 1812, or reflecting the author's residential move from Chinatown to McLeod Street, an area once known as the Village of Stewarton. In these poems, mclennan thrills with an acrobatic array of syllables, sound, rhythm and meanings collaged into an affect of serious play. This is writing not meant to be easy or safe, but fluid, fluent and fun."--
|c Provided by publisher.
|
| 650 |
|
0 |
|a Canadian poetry
|y 21st century.
|
| 655 |
|
7 |
|a Poetry.
|2 lcgft
|0 http://id.loc.gov/authorities/genreForms/gf2014026481
|
| 852 |
8 |
|
|b pda,print
|z This title is available for the library to purchase for your use. Click the "Purchase It For Me" button to place a request. This item may take 5-10 business days to arrive.
|
| 955 |
|
|
|a Print PDA title
|
| 999 |
f |
f |
|s df837858-5458-449d-8823-22197d198c41
|i c5c94620-0365-3129-a6e9-988135702e92
|t 0
|
| 952 |
f |
f |
|a Texas A&M University
|b College Station
|c Sterling C. Evans Library
|d Purchase on Demand
|t 0
|e PR9199.3.M33413 A6 2019
|h Library of Congress classification
|
| 998 |
f |
f |
|a PR9199.3.M33413 A6 2019
|t 0
|l Purchase on Demand
|